I colori secondari - Statistics

Statistiche generali
  • Questo quiz è stato fatto 34 volte
  • Il punteggio medio è 7 su 9
Statistiche sulle risposte
Risposta % Corretto
Viola
100%
Arancione
97%
Verde
97%
Verde
97%
Giallo
70%
Rosso
70%
Blu
67%
Ciano
45%
Magenta
45%
Nessun quiz corrispondente trovato
Distribuzione punteggi
Percentuale di utenti per punteggio
Percentile per numero di risposta
I tuoi punteggi nel tempo
Non hai fatto questo quiz